Cestovní náhrady : 100 příkladů školské praxe /

Hlavní autor: Janoušek, Karel, 1946-
Jazyk: Čeština
Vydáno: Karviná : Paris, 2008
Vydání: 1. vyd.
Témata:
Fyzický popis: 159 s., [3] s. obr. příl. : formuláře ; 21 cm
Knihy
Uloženo v:
LEADER 01457nam a2200433 a 4500
001 nkc20081789204
003 CZ PrNK
005 20080425142848.0
007 ta
008 080129s2008 xr fk e f 000 0 cze
015 |a cnb001789204 
020 |a 978-80-903817-8-0  |q (brož.) :  |c Kč 240,00 
035 |a (OCoLC)228670105 
040 |a BOA001  |b cze 
043 |a e-xr--- 
072 7 |a 331  |x Práce  |2 Konspekt  |9 4 
080 |a 331.346.2  |2 MRF 
080 |a 37.09  |2 MRF 
080 |a 334.012.46  |2 MRF 
080 |a (437.3)  |2 MRF 
080 |a (035)  |2 MRF 
100 1 |a Janoušek, Karel,  |d 1946-  |7 jn99240000363  |4 aut 
245 1 0 |a Cestovní náhrady :  |b 100 příkladů školské praxe /  |c Karel Janoušek 
250 |a 1. vyd. 
260 |a Karviná :  |b Paris,  |c 2008 
300 |a 159 s., [3] s. obr. příl. :  |b formuláře ;  |c 21 cm 
650 0 7 |a cestovní náhrady  |7 ph119112  |z Česko  |2 czenas 
650 0 7 |a školství  |7 ph116829  |z Česko  |2 czenas 
650 0 7 |a příspěvkové organizace  |7 ph124945  |z Česko  |2 czenas 
650 0 9 |a travel allowances  |z Czechia  |2 eczenas 
650 0 9 |a education  |z Czechia  |2 eczenas 
650 0 9 |a nonprofit organizations  |z Czechia  |2 eczenas 
655 7 |a příručky  |7 fd133209  |2 czenas 
655 9 |a handbooks and manuals  |2 eczenas 
910 2 |a BOA001  |b 2-1198.513 
990 |a BK 
995 |a 01 
991 |b 200802  |c NOV 
996 6 |b 2610332964  |c 2-1198.513  |l MZK  |r Sklad / do 1 hodiny  |n 3  |p p.v.  |w 000885210  |u 000010  |a 1  |e BOA001  |j MZK50  |s P